000
00289nam a22001217a 4500
020
_a
0-8273-1014-5
082
_a
621.56 MAR'P
100
_a
OLIVE, C. T , MARCH, C. T
_9
62289
245
_a
PRINCIPLES OF REFERIGERATION
260
_a
NEWYORK
_b
DELMAR
_c
1979
300
_a
453P
942
_c
BK
999
_c
571441
_d
571441